| 000 | 01284cam a2200337 i 4500 | ||
|---|---|---|---|
| 999 |
_c527067 _d527067 |
||
| 001 | 20085563 | ||
| 003 | NUST | ||
| 005 | 20190718145004.0 | ||
| 008 | 171020s2018 enka b 001 0 eng | ||
| 010 | _a 2017042298 | ||
| 020 | _a9781108414999 (hardback : alk. paper) | ||
| 020 | _a9781108400046 (paperback : alk. paper) | ||
| 038 | _aAzhar | ||
| 040 |
_aDLC _beng _cDLC _erda _dDLC |
||
| 042 | _apcc | ||
| 050 | 0 | 0 |
_aHB141 _b.A3185 2018 |
| 082 | 0 | 0 |
_a330.01/5195 _223 _bAGE |
| 245 | 0 | 0 |
_aAgent-based models in economics : _ba toolkit / _cedited by Domenico Delli Gatti [and four others]. |
| 264 | 1 |
_aCambridge, United Kingdom ; _aNew York, NY : _bCambridge University Press, _c[2018] |
|
| 300 |
_axviii, 241 pages :8 _billustrations ; _c23 cm. |
||
| 336 |
_atext _btxt _2rdacontent |
||
| 337 |
_aunmediated _bn _2rdamedia |
||
| 338 |
_avolume _bnc _2rdacarrier |
||
| 504 | _aIncludes bibliographical references (pages 224-239) and index. | ||
| 650 | 0 |
_aEconometric models. _918143 |
|
| 650 | 0 |
_aEconomics _xMathematical models. _918132 |
|
| 700 | 1 |
_aDelli Gatti, Domenico, _eeditor. _918144 |
|
| 906 |
_a7 _bcbc _corignew _d1 _eecip _f20 _gy-gencatlg |
||
| 942 |
_2ddc _cBK |
||